The works of William Shakespeare : (Record no. 2991)
[ view plain ]
| 000 -LEADER | |
|---|---|
| fixed length control field | 01827nac a22003011u 4500 |
| 003 - CONTROL NUMBER IDENTIFIER | |
| control field | EG-ScBUE |
| 005 - DATE AND TIME OF LATEST TRANSACTION | |
| control field | 20210527143320.0 |
| 008 - FIXED-LENGTH DATA ELEMENTS--GENERAL INFORMATION | |
| fixed length control field | 200219n19uu enk f 000 0deng d |
| 035 ## - SYSTEM CONTROL NUMBER | |
| System control number | (OCoLC)6322648 |
| 040 ## - CATALOGING SOURCE | |
| Original cataloging agency | EG-ScBUE |
| Language of cataloging | eng |
| Description conventions | rda |
| Transcribing agency | EG-ScBUE |
| Modifying agency | EG-ScBUE |
| 082 04 - DEWEY DECIMAL CLASSIFICATION NUMBER | |
| Classification number | 822.33 |
| Item number | SHA |
| Edition number | 22 |
| 100 1# - MAIN ENTRY--PERSONAL NAME | |
| Personal name | Shakespeare, William, |
| Dates associated with a name | 1564-1616, |
| Relator term | author. |
| 240 10 - UNIFORM TITLE | |
| Uniform title | <a href="Works.">Works.</a> |
| Form subheading | Selections |
| 245 14 - TITLE STATEMENT | |
| Title | The works of William Shakespeare : |
| Remainder of title | with a memoir, glossary, erc. : prepared from the texts of the first folio and the quartos, compared with recent commentators. |
| 264 #1 - PUBLICATION, DISTRIBUTION, ETC. (IMPRINT) | |
| Place of publication, distribution, etc | London ; |
| -- | New York : |
| Name of publisher, distributor, etc | Frederick Warne and Co., Ltd., |
| Date of publication, distribution, etc | [19--] |
| 300 ## - PHYSICAL DESCRIPTION | |
| Extent | 10 volumes : |
| Other physical details | front (v. 10: port.) plates. |
| Dimensions | 21 cm. |
| 336 ## - CONTENT TYPE | |
| Source | rdacontent |
| Content type term | text |
| Content type code | txt |
| 337 ## - MEDIA TYPE | |
| Source | rdamedia |
| Media type term | unmediated |
| Media type code | n |
| 338 ## - CARRIER TYPE | |
| Source | rdacarrier |
| Carrier type term | volume |
| Carrier type code | nc |
| 490 0# - SERIES STATEMENT | |
| Series statement | Chandos classics |
| 505 0# - FORMATTED CONTENTS NOTE | |
| Formatted contents note | v. 1. Life of William Shakespeare, by J.O. Halliwell-Phillipps. Henry VI, pt. 1-3.-- v. 2. Two gentlemen of Verona. Comedy of errors. Richard II. Richard III.--v. 3. Love's labor's lost. Merchant of Venice. Midsummer night's dream. Romeo and Juliet.--v. 4. King John. Taming of the shrew. Henry IV, pt. 1-2.--v. 5. Henry v. As you like it. Much ado about nothing. Hamlet.--v. 6. Merry wives of Windsor. Troilus and Cressida.- Measure for measure. Henry VIII.--v. 7 Othello. King Lear. All's well that ends well. Macbeth.--v. 8 Julius Caesar.Twelfth night. Antony and Cleopatra. Cymbeline.-v. 9. Timon of Athens. Coriolanus. The winter's tale. The tempest.--v. 10. Titus Andronicus. Perocles. Poems. Sonnets. |
| 650 #7 - SUBJECT ADDED ENTRY--TOPICAL TERM | |
| Topical term or geographic name as entry element | English drama |
| Chronological subdivision | Early modern and Elizabethan, 1500-1600. |
| Source of heading or term | BUEsh |
| 651 ## - SUBJECT ADDED ENTRY--GEOGRAPHIC NAME | |
| Source of heading or term | BUEsh |
| 653 ## - INDEX TERM--UNCONTROLLED | |
| Resource For college | Humanities: English |
| Arrived date list | May2021 |
| 655 ## - INDEX TERM--GENRE/FORM | |
| Form subdivision | Reading book |
| 9 (RLIN) | 34232 |
| 942 ## - ADDED ENTRY ELEMENTS (KOHA) | |
| Koha item type | Book - Borrowing |
| Call number prefix | 813Sh152 |
| Source of classification or shelving scheme | Dewey Decimal Classification |
| Withdrawn status | Lost status | Source of classification or shelving scheme | Damaged status | Not for loan | Collection code | Home library | Current library | Shelving location | Date acquired | Source of acquisition | Total Checkouts | Total Renewals | Full call number | Barcode | Date last seen | Date checked out | Price effective from | Koha item type |
|---|---|---|---|---|---|---|---|---|---|---|---|---|---|---|---|---|---|---|
| Dewey Decimal Classification | Donation-Gift | Central Library | Central Library | Second Floor | 07/03/2014 | Donation | 1 | 3 | 822.33 SHA | 000001218 | 15/07/2025 | 31/10/2010 | 14/03/2007 | Book - Borrowing |